Španělská města na mapě - Statistics

General Stats
  • This quiz has been taken 21 times
  • The average score is 8 of 15
Answers on the Map
Answers color-coded by a green-red scale on the quiz's map according to % correct below.
 
Answer Stats
Answer % Correct
Madrid
92%
Palma de Mallorca
83%
Barcelona
75%
Bilbao
75%
Valencie
75%
Las Palmas de Gran Canaria
67%
Sevilla
58%
Zaragoza
58%
Ceuta
50%
Málaga
50%
A Coruña
42%
Pamplona
25%
Mérida
17%
Murcia
17%
Valladolid
17%
No matching quizzes found
Score Distribution
Percent of People with Each Score
Percentile by Number Answered
Your Score History
You have not taken this quiz